000 00468nam a2200169Ia 4500
005 20250923145142.0
008 008 250917s9999 xx 000 0 eng d
037 _aTextual
040 _aDSWL
_beng
_cDSWL
041 _aeng
_2eng
084 _qDSWL
245 0 _aCrime in India, 1967
_cby Ministry of Home Affairs
260 _aNew York
_b Govt. of India Ministry of Home Affairs
_c1969
300 _a922p.
942 _cTEXL
999 _c1447789
_d1447789